Eurovision Song Contest Runners-up - Statistics

General Stats
  • This quiz has been taken 88 times
  • The average score is 58 of 63
Answer Stats
Hint Answer % Correct
1959 United Kingdom
100%
1960 United Kingdom
100%
1961 United Kingdom
100%
1964 United Kingdom
100%
1965 United Kingdom
100%
1968 United Kingdom
100%
1970 United Kingdom
100%
1972 United Kingdom
100%
1975 United Kingdom
100%
1977 United Kingdom
100%
1988 United Kingdom
100%
1989 United Kingdom
100%
1992 United Kingdom
100%
1993 United Kingdom
100%
1998 United Kingdom
100%
1957 France
99%
1976 France
99%
1991 France
99%
1974 Italy
99%
2011 Italy
99%
2019 Italy
99%
1967 Ireland
94%
1984 Ireland
94%
1997 Ireland
94%
2014 Netherlands
94%
1966 Sweden
94%
1958 Switzerland
94%
1963 Switzerland
94%
1969 Switzerland
94%
1986 Switzerland
94%
2018 Cyprus
93%
2000 Russia
93%
2006 Russia
93%
2012 Russia
93%
2015 Russia
93%
1971 Spain
93%
1973 Spain
93%
1979 Spain
93%
1995 Spain
93%
1999 Iceland
91%
2009 Iceland
91%
1996 Norway
91%
1978 Belgium
90%
2003 Belgium
90%
2017 Bulgaria
90%
1980 Germany
90%
1981 Germany
90%
1985 Germany
90%
1987 Germany
90%
1994 Poland
90%
2016 Australia
88%
2001 Denmark
88%
2010 Turkey
88%
1982 Israel
87%
1983 Israel
87%
2007 Ukraine
87%
2008 Ukraine
87%
2002 Malta
86%
2005 Malta
86%
2013 Azerbaijan
83%
1962 Monaco
80%
2004 Serbia & Montenegro
57%
1990 France, Ireland
7%
No matching quizzes found
Score Distribution
Percent of People with Each Score
Percentile by Number Answered
Your Score History
You have not taken this quiz